[Event "XLIV Torneo di Capodanno"]
[Site "Reggio nell'Emilia ITA"]
[Date "2001.12.30"]
[Round "1"]
[White "Delchev, Aleksander"]
[Black "Cebalo, Miso"]
[Result "1/2-1/2"]
[WhiteElo "2634"]
[BlackElo "2492"]
[PlyCount "75"]
[EventDate "2001.12.30"]

1. d4 Nf6 2. Nf3 e6 3. e3 c5 4. Bd3 b6 5. O-O Bb7 6. c4 Be7 7. Nc3 a6 8. e4
cxd4 9. Nxd4 d6 10. f4 Nbd7 11. Qe2 Qc7 12. f5 e5 13. Nb3 Rc8 14. Be3 Qb8 15.
Rac1 h6 16. Nd5 Bd8 17. Nd2 O-O 18. Nb1 Nxd5 19. cxd5 b5 20. Nd2 Rxc1 21. Rxc1
Be7 22. a4 bxa4 23. Ra1 Rc8 24. Rxa4 Bg5 25. Bxg5 hxg5 26. Rc4 a5 27. Qe3 f6
28. Nb3 Ba6 29. Rxc8+ Qxc8 30. Qc1 Qb8 31. Bxa6 Qb6+ 32. Kh1 Qxa6 33. h3 a4 34.
Qc6 Qf1+ 35. Kh2 axb3 36. Qxd7 Qf4+ 37. Kh1 Qf1+ 38. Kh2 1/2-1/2

[Event "XLIV Torneo di Capodanno"]
[Site "Reggio nell'Emilia ITA"]
[Date "2001.12.30"]
[Round "1"]
[White "Djingarova, Emilia"]
[Black "Vezzosi, Paolo"]
[Result "1/2-1/2"]
[WhiteElo "2256"]
[BlackElo "2401"]
[PlyCount "83"]
[EventDate "2001.12.30"]

1. e4 c6 2. d4 d5 3. e5 g6 4. c3 Nh6 5. Be2 f6 6. Nf3 Bg7 7. O-O Bg4 8. Re1 O-O
9. Qb3 Qb6 10. Qxb6 axb6 11. exf6 exf6 12. Bf4 g5 13. Bc7 b5 14. h3 Bf5 15.
Nbd2 Nd7 16. a3 Rfc8 17. Bh2 Bf8 18. Nf1 Nb6 19. Ne3 Bg6 20. Red1 Na4 21. Rd2
Nf7 22. Ne1 Nd6 23. Bxd6 Bxd6 24. Bd3 Bf4 25. Bxg6 hxg6 26. Nd3 Bxe3 27. fxe3
Kg7 28. Re1 Re8 29. Rde2 Re4 30. Nf2 Re6 31. e4 Rae8 32. Kf1 dxe4 33. Nxe4 Kf8
34. b3 Nb6 35. Nc5 Rxe2 36. Rxe2 Nd5 37. Nxb7 Nxc3 38. Rc2 Re3 39. a4 b4 40. a5
Ne4 41. Rb2 Rc3 42. Ke2 1/2-1/2

[Event "XLIV Torneo di Capodanno"]
[Site "Reggio nell'Emilia ITA"]
[Date "2001.12.30"]
[Round "1"]
[White "Georgiev, Vladimir"]
[Black "Naumkin, Igor"]
[Result "1/2-1/2"]
[WhiteElo "2564"]
[BlackElo "2414"]
[PlyCount "75"]
[EventDate "2001.12.30"]

1. d4 e6 2. c4 Nf6 3. Nc3 Bb4 4. e3 c5 5. Bd3 O-O 6. Nge2 d5 7. cxd5 exd5 8. a3
cxd4 9. exd4 Be7 10. O-O Nc6 11. h3 a6 12. Be3 b5 13. b4 Bb7 14. Nf4 Qd7 15.
Be2 Rad8 16. Bf3 Na7 17. Qb3 Nc8 18. a4 Nb6 19. axb5 axb5 20. Ra7 Bd6 21. Nd3
Bb8 22. Ne5 Qc8 23. Ra5 Nc4 24. Rxb5 Bxe5 25. dxe5 Nxe5 26. Be2 Nc6 27. Nxd5
Nxd5 28. Rxd5 Rxd5 29. Qxd5 Nxb4 30. Qb3 Nc6 31. Bg4 Qb8 32. Rb1 Ba8 33. Qc2
Qe5 34. Rd1 h6 35. Qc4 Qf6 36. f4 Rd8 37. Rb1 Ne7 38. Rb6 1/2-1/2

[Event "XLIV Torneo di Capodanno"]
[Site "Reggio nell'Emilia ITA"]
[Date "2001.12.30"]
[Round "1"]
[White "Scalcione, Michelangelo"]
[Black "Costantini, Roberto"]
[Result "1-0"]
[WhiteElo "2292"]
[BlackElo "2314"]
[PlyCount "75"]
[EventDate "2001.12.30"]

1. Nf3 d5 2. d4 Nf6 3. c4 e6 4. Nc3 Be7 5. Bg5 O-O 6. e3 h6 7. Bf4 c5 8. dxc5
Bxc5 9. Qc2 Nc6 10. a3 Qa5 11. O-O-O Be7 12. g4 e5 13. Nxe5 Nxe5 14. Bxe5 Bxg4
15. Rd4 Bf3 16. Rg1 dxc4 17. Qf5 Rfe8 18. Bxc4 Kf8 19. Rf4 Bxa3 20. Bd6+ Bxd6
21. Qxa5 Bxf4 22. exf4 Rac8 23. Qb4+ Kg8 24. Qb3 Re7 25. Kb1 Rec7 26. Bd3 Rc6
27. Qb4 Rd8 28. Bb5 Rb6 29. Qc5 Ne4 30. Nxe4 Bxe4+ 31. Kc1 Rd5 32. Qc3 Bg6 33.
Bc4 Rh5 34. h3 Rc6 35. b3 Kh7 36. Qf3 Rhc5 37. Kb2 Rd6 38. Qe3 1-0

[Event "XLIV Torneo di Capodanno"]
[Site "Reggio nell'Emilia ITA"]
[Date "2001.12.30"]
[Round "1"]
[White "Zaja, Ivan"]
[Black "Chatalbashev, Boris"]
[Result "0-1"]
[WhiteElo "2476"]
[BlackElo "2526"]
[PlyCount "50"]
[EventDate "2001.12.30"]

1. d4 g6 2. c4 Bg7 3. e4 c5 4. d5 d6 5. Nc3 e6 6. Bd3 Nf6 7. h3 O-O 8. Nf3 Na6
9. Bg5 h6 10. Be3 Nc7 11. Qd2 Kh7 12. e5 dxe5 13. Bxc5 Re8 14. d6 Na6 15. Ba3
Nd7 16. Qe3 f5 17. c5 Qa5 18. O-O-O Naxc5 19. Bb5 a6 20. Bxc5 axb5 21. a3 f4
22. Qe2 Nxc5 23. Nxb5 Bd7 24. Nc7 e4 25. Ne1 Na4 0-1

[Event "XLIV Torneo di Capodanno"]
[Site "Reggio nell'Emilia ITA"]
[Date "2001.12.31"]
[Round "2"]
[White "Cebalo, Miso"]
[Black "Naumkin, Igor"]
[Result "1/2-1/2"]
[WhiteElo "2492"]
[BlackElo "2414"]
[PlyCount "46"]
[EventDate "2001.12.30"]

1. d4 e6 2. c4 Nf6 3. Nc3 b6 4. Nf3 Bb7 5. a3 d5 6. Bg5 Be7 7. e3 O-O 8. Rc1
Nbd7 9. cxd5 exd5 10. Bd3 c5 11. O-O Ne4 12. Bxe7 Qxe7 13. dxc5 bxc5 14. Bb1
Ndf6 15. Qc2 Rfd8 16. Rfd1 Rac8 17. Nxe4 Nxe4 18. Nd2 Nf6 19. Nb3 d4 20. exd4
cxd4 21. Qd3 Rxc1 22. Nxc1 g6 23. Qd2 Qd6 1/2-1/2

[Event "XLIV Torneo di Capodanno"]
[Site "Reggio nell'Emilia ITA"]
[Date "2001.12.31"]
[Round "2"]
[White "Chatalbashev, Boris"]
[Black "Djingarova, Emilia"]
[Result "1-0"]
[WhiteElo "2526"]
[BlackElo "2256"]
[PlyCount "53"]
[EventDate "2001.12.30"]

1. d4 d5 2. c4 c6 3. e3 Nf6 4. Nf3 Bf5 5. Nc3 e6 6. Nh4 Bg6 7. Qb3 Qc7 8. Bd2
Nbd7 9. Rc1 Nb6 10. cxd5 exd5 11. Nxg6 hxg6 12. h3 Be7 13. Bd3 g5 14. a4 a5 15.
Ke2 Bd8 16. g4 Qe7 17. f3 Bc7 18. Kf2 Qd6 19. Ne2 g6 20. Rc5 Nbd7 21. Qxb7 Rb8
22. Qxc6 Qxc6 23. Rxc6 Bb6 24. b4 Kf8 25. bxa5 Bd8 26. a6 Kg7 27. Rb1 1-0

[Event "XLIV Torneo di Capodanno"]
[Site "Reggio nell'Emilia ITA"]
[Date "2001.12.31"]
[Round "2"]
[White "Costantini, Roberto"]
[Black "Georgiev, Vladimir"]
[Result "1-0"]
[WhiteElo "2314"]
[BlackElo "2564"]
[PlyCount "87"]
[EventDate "2001.12.30"]

1. e4 c5 2. Nf3 Nc6 3. d4 cxd4 4. Nxd4 Nf6 5. Nc3 d6 6. f3 Qb6 7. Be3 e5 8. Nf5
Qd8 9. Bc4 Be6 10. Qe2 g6 11. Ng3 a6 12. O-O-O b5 13. Bb3 Be7 14. Qd2 Rc8 15.
Kb1 Na5 16. Bg5 Nxb3 17. cxb3 Nd5 18. Bxe7 Nxc3+ 19. bxc3 Kxe7 20. f4 f6 21.
Rhf1 Bg4 22. Rc1 Bd7 23. Rcd1 Rc6 24. Kb2 Bg4 25. Rc1 Bc8 26. Rf3 Rf8 27. Nf1
Rc5 28. Qf2 Bb7 29. Re1 Qc8 30. Rd3 Qg4 31. g3 Qe6 32. Red1 Rfc8 33. Rxd6 Qxd6
34. Rxd6 Kxd6 35. fxe5+ Kxe5 36. Ne3 h5 37. c4 bxc4 38. Nxc4+ Rxc4 39. bxc4
Rxc4 40. Qf4+ Ke6 41. Qb8 Rb4+ 42. Kc3 Rb1 43. Qe8+ Kd6 44. e5+ 1-0

[Event "XLIV Torneo di Capodanno"]
[Site "Reggio nell'Emilia ITA"]
[Date "2001.12.31"]
[Round "2"]
[White "Delchev, Aleksander"]
[Black "Zaja, Ivan"]
[Result "1-0"]
[WhiteElo "2634"]
[BlackElo "2476"]
[PlyCount "79"]
[EventDate "2001.12.30"]

1. c4 e6 2. Nf3 d5 3. d4 Nf6 4. g3 Be7 5. Bg2 O-O 6. Qc2 dxc4 7. Qxc4 a6 8. Bf4
Nd5 9. O-O b5 10. Qc2 Nd7 11. Nc3 Nxf4 12. gxf4 Bb7 13. Rfd1 Nf6 14. Ne5 Bxg2
15. Kxg2 Bd6 16. e3 Qe8 17. Ne4 Nd5 18. Ng5 g6 19. Ngf3 f6 20. Nd3 g5 21. Kh1
Qg6 22. Rg1 Qe4 23. Nde1 Qxc2 24. Nxc2 h6 25. Nce1 Kh7 26. Rc1 Rac8 27. Nd3
gxf4 28. e4 Nb6 29. e5 fxe5 30. dxe5 Be7 31. Rc6 Rf7 32. Rxe6 Rd8 33. Nxf4 Bf8
34. Rg4 Nd5 35. Nxd5 Rxd5 36. Kg2 Bg7 37. Re8 c5 38. e6 Rf6 39. e7 Re6 40. Rd8
1-0

[Event "XLIV Torneo di Capodanno"]
[Site "Reggio nell'Emilia ITA"]
[Date "2001.12.31"]
[Round "2"]
[White "Vezzosi, Paolo"]
[Black "Scalcione, Michelangelo"]
[Result "1-0"]
[WhiteElo "2401"]
[BlackElo "2292"]
[PlyCount "151"]
[EventDate "2001.12.30"]

1. Nf3 g6 2. e4 c5 3. d4 cxd4 4. Qxd4 Nf6 5. Nc3 Bg7 6. e5 Nc6 7. Qa4 Ng8 8.
Bf4 Nh6 9. Bb5 Ng4 10. O-O Ngxe5 11. Nxe5 Bxe5 12. Bxc6 Bxc3 13. Qb3 Bf6 14.
Bxb7 Bxb7 15. Qxb7 O-O 16. Rad1 d6 17. b3 Qa5 18. a4 Qf5 19. Qf3 g5 20. Be3
Qxc2 21. h4 Qxb3 22. hxg5 Bg7 23. Qe4 Qe6 24. Qh4 Rfc8 25. Rfe1 Rc4 26. Qh5 Qg4
27. Qxg4 Rxg4 28. f4 e5 29. f5 Bf8 30. a5 Ra4 31. Rd5 Ra2 32. Rf1 a6 33. Rc1
Rb8 34. Bb6 Re8 35. f6 e4 36. Rc3 Ra1+ 37. Kf2 Ra2+ 38. Kg3 Re2 39. Be3 Rb8 40.
Kf4 Rxg2 41. Kxe4 Rb4+ 42. Kf3 Rbb2 43. Rc8 Rgc2 44. Ra8 Rc6 45. g6 fxg6 46.
Bh6 Rc3+ 47. Ke4 Kf7 48. Rxf8+ Ke6 49. Rd3 Rc5 50. Bf4 Rb4+ 51. Kf3 d5 52. Bd2
Rb7 53. Bc3 Kf5 54. Bd4 Rxa5 55. Re8 g5 56. Re7 Rb8 57. Rxh7 Rf8 58. Re7 Rb5
59. Kg3 g4 60. Re2 Rb7 61. Bc3 Rb3 62. Re5+ Kg6 63. Rexd5 Rc8 64. Ba1 Rb1 65.
Bd4 Rh8 66. Kxg4 Rbh1 67. Rg5+ Kf7 68. Rg7+ Ke6 69. Re7+ Kd5 70. Bf2+ Kc4 71.
Rd4+ Kc3 72. Rc7+ Kb3 73. Rf4 R1h6 74. f7 Rg6+ 75. Kf3 Rf8 76. Bc5 1-0

[Event "XLIV Torneo di Capodanno"]
[Site "Reggio nell'Emilia ITA"]
[Date "2002.01.02"]
[Round "3"]
[White "Djingarova, Emilia"]
[Black "Delchev, Aleksander"]
[Result "1/2-1/2"]
[WhiteElo "2256"]
[BlackElo "2634"]
[PlyCount "28"]
[EventDate "2001.12.30"]

1. e4 c5 2. Nf3 e6 3. d4 cxd4 4. Nxd4 Nf6 5. Nc3 Nc6 6. g3 d5 7. exd5 Nxd5 8.
Bg2 Bb4 9. O-O Bxc3 10. Nxc6 bxc6 11. bxc3 Ba6 12. Re1 O-O 13. Qd4 Qa5 14. Bd2
Rfd8 1/2-1/2

[Event "XLIV Torneo di Capodanno"]
[Site "Reggio nell'Emilia ITA"]
[Date "2002.01.02"]
[Round "3"]
[White "Georgiev, Vladimir"]
[Black "Vezzosi, Paolo"]
[Result "1-0"]
[WhiteElo "2564"]
[BlackElo "2401"]
[PlyCount "71"]
[EventDate "2001.12.30"]

1. c4 Nf6 2. Nc3 g6 3. e4 d6 4. d4 Bg7 5. Bd3 e5 6. d5 a5 7. Nge2 Na6 8. f3 O-O
9. Be3 Nd7 10. a3 Bh6 11. Bf2 Nac5 12. Bc2 Nb6 13. b3 c6 14. h4 cxd5 15. cxd5
Bd7 16. a4 Rc8 17. g4 Qf6 18. Rh3 Rc7 19. g5 Qe7 20. Rg3 Bg7 21. Qd2 f6 22. Nd1
Ra8 23. Ne3 Qf8 24. Rc1 fxg5 25. hxg5 Qd8 26. Kf1 Rac8 27. Qxa5 Nxd5 28. Nc4
Nf4 29. Rd1 Bh3+ 30. Ke1 Ng2+ 31. Kd2 d5 32. Bxc5 dxc4+ 33. Kc1 Qe8 34. b4 Nf4
35. Nxf4 exf4 36. Rxh3 1-0

[Event "XLIV Torneo di Capodanno"]
[Site "Reggio nell'Emilia ITA"]
[Date "2002.01.02"]
[Round "3"]
[White "Naumkin, Igor"]
[Black "Costantini, Roberto"]
[Result "1/2-1/2"]
[WhiteElo "2414"]
[BlackElo "2314"]
[PlyCount "68"]
[EventDate "2001.12.30"]

1. d4 d5 2. c4 e6 3. Nc3 Be7 4. Nf3 Nf6 5. Bg5 O-O 6. e3 h6 7. Bh4 b6 8. Rc1
Bb7 9. Bd3 dxc4 10. Bxc4 Nbd7 11. O-O c5 12. Qe2 a6 13. a4 cxd4 14. exd4 Nh5
15. Bg3 Nxg3 16. hxg3 Nf6 17. Rfd1 Bb4 18. Ne5 Qe7 19. Rd3 Rfd8 20. Rcd1 Bxc3
21. bxc3 Rdc8 22. Bb3 b5 23. Rc1 Bd5 24. Bxd5 Nxd5 25. axb5 axb5 26. Rf3 f6 27.
Ng6 Qd7 28. Nf4 Nxf4 29. gxf4 Ra4 30. Re1 Rac4 31. Qxe6+ Qxe6 32. Rxe6 Rxc3 33.
Rxc3 Rxc3 34. Rb6 Rd3 1/2-1/2

[Event "XLIV Torneo di Capodanno"]
[Site "Reggio nell'Emilia ITA"]
[Date "2002.01.02"]
[Round "3"]
[White "Scalcione, Michelangelo"]
[Black "Chatalbashev, Boris"]
[Result "0-1"]
[WhiteElo "2292"]
[BlackElo "2526"]
[PlyCount "56"]
[EventDate "2001.12.30"]

1. Nf3 d5 2. d4 Bf5 3. c4 e6 4. Nc3 Nf6 5. Qb3 Nc6 6. c5 Rb8 7. Bf4 a6 8. e3
Nd7 9. Rc1 Be7 10. Qa4 g5 11. Bg3 h5 12. h3 Kf8 13. b4 Kg7 14. Qb3 g4 15. hxg4
hxg4 16. Rxh8 Qxh8 17. Nh2 Qh6 18. Be2 Nxd4 19. Qb2 Nxe2 20. Kxe2 Bf6 21. Bxc7
Rc8 22. Bf4 Qg6 23. Qd2 Rh8 24. Nf1 Rh1 25. Nd1 e5 26. Bg3 Be4 27. Nh2 d4 28.
Nb2 d3+ 0-1

[Event "XLIV Torneo di Capodanno"]
[Site "Reggio nell'Emilia ITA"]
[Date "2002.01.02"]
[Round "3"]
[White "Zaja, Ivan"]
[Black "Cebalo, Miso"]
[Result "1/2-1/2"]
[WhiteElo "2476"]
[BlackElo "2492"]
[PlyCount "84"]
[EventDate "2001.12.30"]

1. d4 Nf6 2. c4 c5 3. d5 g6 4. Nc3 d6 5. e4 Bg7 6. f3 O-O 7. Nge2 e6 8. Ng3
exd5 9. cxd5 h5 10. Bg5 Qb6 11. Qd2 Nh7 12. Bh4 Nd7 13. f4 Re8 14. Bc4 a6 15.
a3 Qa5 16. O-O b5 17. Bd3 c4 18. Bc2 Nc5 19. e5 Qb6 20. Qf2 Nd7 21. Nge4 Qxf2+
22. Rxf2 dxe5 23. Nd6 Rf8 24. Be7 exf4 25. Bxf8 Bxf8 26. Nxc8 Rxc8 27. Rxf4 Bd6
28. Rff1 Nhf6 29. Rae1 Kg7 30. Re2 Rc7 31. g3 Nb6 32. Kg2 Rd7 33. Rd1 Bc5 34.
Kf3 Nc8 35. h3 Nd6 36. g4 hxg4+ 37. hxg4 a5 38. g5 Nh7 39. Kf4 b4 40. Na4 Ba7
41. axb4 axb4 42. b3 Rc7 1/2-1/2

[Event "XLIV Torneo di Capodanno"]
[Site "Reggio nell'Emilia ITA"]
[Date "2002.01.03"]
[Round "4"]
[White "Cebalo, Miso"]
[Black "Costantini, Roberto"]
[Result "1-0"]
[WhiteElo "2492"]
[BlackElo "2314"]
[PlyCount "81"]
[EventDate "2001.12.30"]

1. d4 d5 2. c4 e6 3. Nf3 Nf6 4. Nc3 Be7 5. Bg5 O-O 6. e3 h6 7. Bh4 b6 8. Bd3
Bb7 9. O-O Nbd7 10. Qe2 dxc4 11. Bxc4 Ne4 12. Nxe4 Bxe4 13. Bg3 Bd6 14. Rfd1
Bxg3 15. hxg3 Qe7 16. Rac1 Bb7 17. Bb5 Rfc8 18. Bc6 Bxc6 19. Rxc6 Nb8 20. Rc2
c5 21. dxc5 bxc5 22. Qb5 a6 23. Qb6 Qa7 24. Rd8+ Rxd8 25. Qxd8+ Kh7 26. Qf8 Nc6
27. Qxc5 Qxc5 28. Rxc5 Nb4 29. a3 Nd3 30. Rc2 a5 31. b3 Rb8 32. Rc3 Nb2 33. Kf1
Nd1 34. Rc1 Nb2 35. Nd2 Nd3 36. Rc3 Rd8 37. Rc2 Ne5 38. Ke2 Rd5 39. e4 Rb5 40.
f4 Nd7 41. Rc7 1-0

[Event "XLIV Torneo di Capodanno"]
[Site "Reggio nell'Emilia ITA"]
[Date "2002.01.03"]
[Round "4"]
[White "Chatalbashev, Boris"]
[Black "Georgiev, Vladimir"]
[Result "1/2-1/2"]
[WhiteElo "2526"]
[BlackElo "2564"]
[PlyCount "45"]
[EventDate "2001.12.30"]

1. d4 d5 2. c4 c6 3. e3 Nf6 4. Nc3 a6 5. Qc2 e6 6. Nf3 c5 7. dxc5 Bxc5 8. a3
dxc4 9. Bxc4 Nbd7 10. b4 Bd6 11. Bb2 b5 12. Ne4 Be7 13. Bd3 Bb7 14. Rd1 Qc8 15.
Qb1 Nxe4 16. Bxe4 Bf6 17. Rc1 Qb8 18. Nd4 Bxd4 19. Bxd4 f5 20. Bc6 Bxc6 21.
Rxc6 Kf7 22. Qb3 Re8 23. Qc3 1/2-1/2

[Event "XLIV Torneo di Capodanno"]
[Site "Reggio nell'Emilia ITA"]
[Date "2002.01.03"]
[Round "4"]
[White "Delchev, Aleksander"]
[Black "Scalcione, Michelangelo"]
[Result "1-0"]
[WhiteElo "2634"]
[BlackElo "2292"]
[PlyCount "73"]
[EventDate "2001.12.30"]

1. c4 c5 2. Nf3 Nc6 3. d4 cxd4 4. Nxd4 g6 5. e4 Bg7 6. Be3 Nf6 7. Nc3 Ng4 8.
Qxg4 Nxd4 9. Qd1 Nc6 10. Rc1 d6 11. Be2 Be6 12. O-O O-O 13. Qd2 Qa5 14. Rfd1
Rac8 15. b3 Rfe8 16. f4 f5 17. Bf3 Rf8 18. Re1 Bf7 19. exf5 gxf5 20. Bxc6 bxc6
21. c5 Rfe8 22. Ne4 Qxd2 23. Nxd2 Bd5 24. Kf2 Rcd8 25. Rc2 Kf7 26. g3 a5 27.
Nc4 Be4 28. Rcc1 d5 29. Nxa5 Bb2 30. Nxc6 d4 31. Nxd8+ Rxd8 32. Bd2 Ra8 33. a4
Bxc1 34. Rxc1 Ke6 35. c6 Rc8 36. c7 Kd7 37. Ba5 1-0

[Event "XLIV Torneo di Capodanno"]
[Site "Reggio nell'Emilia ITA"]
[Date "2002.01.03"]
[Round "4"]
[White "Vezzosi, Paolo"]
[Black "Naumkin, Igor"]
[Result "1/2-1/2"]
[WhiteElo "2401"]
[BlackElo "2414"]
[PlyCount "116"]
[EventDate "2001.12.30"]

1. d4 e6 2. c4 Nf6 3. Nc3 Bb4 4. e3 c5 5. Nge2 d5 6. dxc5 O-O 7. a3 Bxc5 8. b4
Bd6 9. Bb2 Nc6 10. Nd4 Ne5 11. c5 Bb8 12. Be2 Ng6 13. h4 e5 14. Nb3 Re8 15. h5
Nf8 16. Qc2 d4 17. Rd1 Ne6 18. Kf1 Qe7 19. exd4 exd4 20. Nxd4 Nf4 21. Bf3 Be5
22. Nce2 Nxe2 23. Qxe2 a5 24. g3 axb4 25. axb4 Ra2 26. Ra1 Rxa1+ 27. Bxa1 Qd7
28. Qc4 Ng4 29. Kg2 Bf6 30. Qb5 Qe7 31. Bc3 Rd8 32. Re1 Qf8 33. Ne2 Re8 34.
Bxf6 Nxf6 35. Rd1 Qe7 36. Qc4 h6 37. Qd4 Qe6 38. Nf4 Qf5 39. Rd3 Ng4 40. Rd2
Qg5 41. Re2 Rd8 42. Qe4 Nf6 43. Qe5 Bg4 44. Bxg4 Qxg4 45. Re3 Qd1 46. Qf5 Qa4
47. Nd3 Qc6+ 48. Rf3 Re8 49. Nf4 Re1 50. Qd3 Re4 51. Qd8+ Re8 52. Qd6 Qxd6 53.
cxd6 Rd8 54. Rd3 Kf8 55. Kf3 Ne8 56. Ke4 Nxd6+ 57. Kd5 Ke7 58. Kc5 Rc8+ 1/2-1/2

[Event "XLIV Torneo di Capodanno"]
[Site "Reggio nell'Emilia ITA"]
[Date "2002.01.03"]
[Round "4"]
[White "Zaja, Ivan"]
[Black "Djingarova, Emilia"]
[Result "1-0"]
[WhiteElo "2476"]
[BlackElo "2256"]
[PlyCount "111"]
[EventDate "2001.12.30"]

1. d4 d5 2. c4 c6 3. Nc3 Nf6 4. Nf3 a6 5. c5 Nbd7 6. Bf4 g6 7. h3 Bg7 8. e3 b6
9. b4 O-O 10. Rc1 a5 11. b5 Bb7 12. cxb6 Nxb6 13. Na4 Nxa4 14. bxc6 Nb2 15. Qb3
Bxc6 16. Rxc6 Nc4 17. Bxc4 dxc4 18. Qxc4 Nd5 19. Be5 Nb4 20. Bxg7 Kxg7 21. Rc5
Na6 22. Rd5 Rc8 23. Rxd8 Rxc4 24. Rxf8 Kxf8 25. Kd2 Nb4 26. Rc1 Rxc1 27. Kxc1
Nxa2+ 28. Kb2 Nb4 29. Ne1 f6 30. Kb3 e5 31. dxe5 fxe5 32. e4 Ke7 33. Ka4 Nc6
34. Kb5 Kd6 35. Nd3 h5 36. h4 Nd8 37. Kxa5 Ne6 38. Kb4 g5 39. hxg5 Nxg5 40. f3
h4 41. Nf2 Ne6 42. Nh3 Nd4 43. Kc3 Ke6 44. Kd3 Kf6 45. f4 Nc6 46. f5 Nd4 47.
Ke3 Nc2+ 48. Kf2 Nd4 49. Ng1 Nxf5 50. exf5 e4 51. Ne2 Kxf5 52. Kg1 Kg4 53. Kh2
e3 54. Nc3 Kg5 55. Kh3 Kh5 56. Nd5 1-0

[Event "XLIV Torneo di Capodanno"]
[Site "Reggio nell'Emilia ITA"]
[Date "2002.01.04"]
[Round "5"]
[White "Costantini, Roberto"]
[Black "Vezzosi, Paolo"]
[Result "1/2-1/2"]
[WhiteElo "2314"]
[BlackElo "2401"]
[PlyCount "63"]
[EventDate "2001.12.30"]

1. e4 c6 2. d4 d5 3. Nd2 g6 4. h3 dxe4 5. Nxe4 Bg7 6. Nf3 Nd7 7. Bc4 Ngf6 8.
Nxf6+ Nxf6 9. O-O O-O 10. Qe2 Bf5 11. c3 Qd6 12. Re1 Rae8 13. Bb3 a6 14. Bg5 c5
15. Rad1 Qb6 16. Ba4 Bd7 17. dxc5 Qc7 18. Bb3 Qxc5 19. Qc4 Qxc4 20. Bxc4 Bc8
21. Ne5 e6 22. Rd3 h6 23. Bh4 Rd8 24. Red1 Rxd3 25. Rxd3 g5 26. Bg3 Nh5 27. Bh2
Nf4 28. Bxf4 gxf4 29. Nd7 Re8 30. Nb6 Be5 31. Bb3 Bc7 32. Nxc8 1/2-1/2

[Event "XLIV Torneo di Capodanno"]
[Site "Reggio nell'Emilia ITA"]
[Date "2002.01.04"]
[Round "5"]
[White "Djingarova, Emilia"]
[Black "Cebalo, Miso"]
[Result "0-1"]
[WhiteElo "2256"]
[BlackElo "2492"]
[PlyCount "100"]
[EventDate "2001.12.30"]

1. e4 c5 2. Nf3 d6 3. Bb5+ Nd7 4. d4 Ngf6 5. O-O cxd4 6. Qxd4 e5 7. Qd3 h6 8.
c4 Be7 9. c5 Qc7 10. cxd6 Qxd6 11. Qxd6 Bxd6 12. Nc3 a6 13. Rd1 Bc7 14. Bc4 Nb6
15. Bb3 Be6 16. Be3 Bxb3 17. axb3 Nbd7 18. Nb5 Rc8 19. Nxc7+ Rxc7 20. Rac1 Rxc1
21. Rxc1 Kd8 22. Nd2 Re8 23. f3 Re6 24. b4 Ne8 25. Nb3 Rc6 26. Rxc6 bxc6 27.
Nc5 Kc7 28. Kf2 Nd6 29. Ke2 h5 30. Kd3 g6 31. Bf2 f6 32. Nb3 Nf7 33. Nc5 Nxc5+
34. bxc5 Nd8 35. Bh4 g5 36. Be1 Ne6 37. Kc4 h4 38. Ba5+ Kd7 39. Bd2 h3 40. gxh3
Nd4 41. Be3 Nxf3 42. Kb4 Nxh2 43. Ka5 Nf1 44. Bc1 Ng3 45. Kxa6 Nxe4 46. Kb6 f5
47. b4 f4 48. b5 cxb5 49. c6+ Kc8 50. Kxb5 f3 0-1

[Event "XLIV Torneo di Capodanno"]
[Site "Reggio nell'Emilia ITA"]
[Date "2002.01.04"]
[Round "5"]
[White "Naumkin, Igor"]
[Black "Chatalbashev, Boris"]
[Result "1/2-1/2"]
[WhiteElo "2414"]
[BlackElo "2526"]
[PlyCount "20"]
[EventDate "2001.12.30"]

1. d4 Nf6 2. Nf3 c5 3. d5 b5 4. Bg5 Ne4 5. Bh4 Bb7 6. e3 Qa5+ 7. c3 g6 8. Be2
Bg7 9. O-O f5 10. Nbd2 Bxd5 1/2-1/2

[Event "XLIV Torneo di Capodanno"]
[Site "Reggio nell'Emilia ITA"]
[Date "2002.01.04"]
[Round "5"]
[White "Scalcione, Michelangelo"]
[Black "Zaja, Ivan"]
[Result "0-1"]
[WhiteElo "2292"]
[BlackElo "2476"]
[PlyCount "80"]
[EventDate "2001.12.30"]

1. Nf3 d5 2. d4 e6 3. c4 c6 4. Nc3 dxc4 5. a4 Bb4 6. e3 b5 7. Bd2 a5 8. axb5
Bxc3 9. Bxc3 cxb5 10. b3 Bb7 11. bxc4 b4 12. Bb2 Nf6 13. Bd3 O-O 14. O-O Nbd7
15. Re1 Be4 16. Bxe4 Nxe4 17. Qc2 f5 18. c5 Qc7 19. Qb3 Qc6 20. Ra4 Ra6 21.
Rea1 Rfa8 22. Qd1 Qd5 23. Ne1 Nb8 24. Nd3 Nc6 25. Nf4 Qd7 26. Qb3 Ne7 27. f3
Nf6 28. Nd3 Nc6 29. Qc4 R6a7 30. Nf2 Rd8 31. Rd1 Nd5 32. Qb3 Qf7 33. Rd2 Rad7
34. g3 e5 35. dxe5 Qe6 36. f4 Nxf4 37. Qxe6+ Nxe6 38. Rd6 Nxc5 39. Rxc6 Nxa4
40. Bd4 b3 0-1

[Event "XLIV Torneo di Capodanno"]
[Site "Reggio nell'Emilia ITA"]
[Date "2002.01.05"]
[Round "6"]
[White "Cebalo, Miso"]
[Black "Vezzosi, Paolo"]
[Result "1-0"]
[WhiteElo "2492"]
[BlackElo "2401"]
[PlyCount "79"]
[EventDate "2001.12.30"]

1. d4 Nf6 2. c4 e6 3. Nf3 b6 4. a3 Bb7 5. Nc3 Ne4 6. Nxe4 Bxe4 7. Nd2 Bb7 8. e4
d6 9. Bd3 Nc6 10. Nf3 e5 11. d5 Ne7 12. Bc2 h6 13. O-O Qd7 14. Ba4 c6 15. b4
Ng6 16. Be3 Be7 17. Qe2 O-O 18. Rfd1 Rfc8 19. c5 b5 20. Bb3 cxd5 21. Bxd5 Bxd5
22. Rxd5 Qg4 23. cxd6 Nh4 24. Nxh4 Qxe2 25. dxe7 g6 26. Nf3 Re8 27. Bc5 f6 28.
Re1 Qc2 29. h4 Rac8 30. h5 g5 31. Nh2 Rxc5 32. Rxc5 Qd2 33. Rec1 Rxe7 34. Ng4
Kh7 35. Nxf6+ Kg7 36. Ng4 Qf4 37. f3 Re6 38. Rc7+ Kf8 39. Rd1 Qg3 40. Nxh6 1-0

[Event "XLIV Torneo di Capodanno"]
[Site "Reggio nell'Emilia ITA"]
[Date "2002.01.05"]
[Round "6"]
[White "Chatalbashev, Boris"]
[Black "Costantini, Roberto"]
[Result "1-0"]
[WhiteElo "2526"]
[BlackElo "2314"]
[PlyCount "79"]
[EventDate "2001.12.30"]

1. g3 c5 2. Bg2 Nc6 3. c4 g6 4. Nc3 Bg7 5. Nf3 e5 6. a3 Nge7 7. b4 cxb4 8. axb4
Nxb4 9. Ba3 Nbc6 10. Nb5 O-O 11. Bd6 Qb6 12. Rb1 Qa5 13. O-O a6 14. Ra1 axb5
15. Rxa5 Rxa5 16. Bc7 bxc4 17. Bxa5 Nxa5 18. Qa4 Nec6 19. Ng5 Nb3 20. Qxc4 Nxd2
21. Qa2 Nxf1 22. Nxf7 Rxf7 23. Bd5 Nd8 24. Qa8 Ne6 25. Qxc8+ Bf8 26. Kxf1 b5
27. Qb8 b4 28. Qxe5 Rf5 29. Qe4 Kg7 30. f4 Nc7 31. Qd4+ Kh6 32. Bg8 Bg7 33.
Qxb4 Bf8 34. Qd4 Ne8 35. e4 Rf6 36. Qxd7 Ng7 37. e5 Rb6 38. Qd8 Rb1+ 39. Kg2
Bc5 40. Qg5# 1-0

[Event "XLIV Torneo di Capodanno"]
[Site "Reggio nell'Emilia ITA"]
[Date "2002.01.05"]
[Round "6"]
[White "Djingarova, Emilia"]
[Black "Scalcione, Michelangelo"]
[Result "1/2-1/2"]
[WhiteElo "2256"]
[BlackElo "2292"]
[PlyCount "79"]
[EventDate "2001.12.30"]

1. e4 e5 2. Nf3 d6 3. d4 exd4 4. Nxd4 Nf6 5. Nc3 Be7 6. Be2 O-O 7. O-O Re8 8.
Re1 Bf8 9. Bf1 Nbd7 10. Bg5 c6 11. a4 Ne5 12. h3 Ng6 13. Qf3 Ne5 14. Qg3 Ng6
15. Rad1 h6 16. Bc1 Qa5 17. Bc4 Qh5 18. Bd3 Qe5 19. Qe3 Qc5 20. Nb3 Qxe3 21.
Bxe3 b6 22. Nd4 Bb7 23. Nf5 Rad8 24. a5 c5 25. Bb5 Re6 26. axb6 axb6 27. Bc4
Ree8 28. f3 Ne5 29. Bb5 Re6 30. Bf2 d5 31. Nxd5 Bxd5 32. exd5 Rxd5 33. Rxd5
Nxd5 34. Bg3 Ng6 35. Rxe6 fxe6 36. Nd6 Be7 37. Bc4 Kf8 38. Nb5 Bd8 39. Bd6+ Kf7
40. Kf2 1/2-1/2

[Event "XLIV Torneo di Capodanno"]
[Site "Reggio nell'Emilia ITA"]
[Date "2002.01.05"]
[Round "6"]
[White "Zaja, Ivan"]
[Black "Georgiev, Vladimir"]
[Result "0-1"]
[WhiteElo "2476"]
[BlackElo "2564"]
[PlyCount "82"]
[EventDate "2001.12.30"]

1. d4 d6 2. e4 Nf6 3. Nc3 e5 4. dxe5 dxe5 5. Qxd8+ Kxd8 6. Bc4 Be6 7. Bxe6 fxe6
8. f3 a6 9. Be3 Bb4 10. Nge2 Ke7 11. O-O-O Nbd7 12. Nb1 b5 13. Nd2 h6 14. Kb1
c5 15. c3 Ba5 16. Nb3 Bb6 17. c4 Rhc8 18. Nc3 Rab8 19. Rc1 Ne8 20. cxb5 axb5
21. Nxb5 c4 22. Bxb6 Nxb6 23. Na5 Na4 24. Na7 Rxb2+ 25. Ka1 Rc5 26. N7c6+ Kf6
27. Nxc4 Rxg2 28. Ne3 Rxc1+ 29. Rxc1 Re2 30. Ng4+ Kg5 31. Ngxe5 Rxh2 32. Nd3 h5
33. Rg1+ Kh6 34. Nce5 Nd6 35. Rc1 Nb5 36. Nc4 Nbc3 37. Ncb2 h4 38. a3 Nxb2 39.
Nxb2 Ne2 40. Re1 h3 41. Nd1 Nd4 0-1